000 00434nam a2200145Ia 4500
008 100204s9999 xx 000 0 und d
082 _b9450
100 _aकदम बा.
245 _aज्वालामुखी
260 _b"मधुर पब्लिकेशन , पुणे 2"
_c1987
300 _a413
630 _aज्वालामुखी
730 _aज्वालामुखी
942 _cBOOK
999 _c453886
_d453883